Statistics for 2014 FIFA World Cup Top Goal Scorers

Click here to take the quiz!

General Stats

  • This quiz has been taken 673 times
    (634 since last reset)
  • The average score is 18 of 30

Answer Stats

Answer% Correct
4Lionel MessiArgentina
98%
4NeymarBrazil
98%
6James RodriguezColombia
96%
5Thomas MullerGermany
96%
3Robin Van PersieNetherlands
89%
3Arjen RobbenNetherlands
88%
2Luis SuarezUruguay
82%
3Karim BenzemaFrance
78%
2Miroslav KloseGermany
77%
2Alexis SanchezChile
73%
2Tim CahillAustralia
69%
3Xherdan ShaqiriSwitzerland
66%
3Enner ValenciaEcuador
65%
2Mario MandzukicCroatia
63%
2Toni KroosGermany
63%
2Clint DempseyUSA
61%
2Bryan RuizCosta Rica
52%
2Ivan PerisicCroatia
52%
2Andre SchurrleGerman
50%
2Asamoah GyanGhana
49%
2David LuizBrazil
44%
2Mats HummelsGermany
43%
2GervinhoIvory Coast
41%
2Islam SlimaniAlgeria
40%
2Andre AyewGhana
36%
2Memphis DepayNetherlands
34%
2Ahmed MusaNigeria
31%
2Jackson MartinezColombia
31%
2Wilfried BonyIvory Coast
27%
2Abdelmour DjabouAlgeria
8%

Score Distribution

Percentile by Number Answered

Percent of People with Each Score

Your Score History

You have not taken this quiz since the last reset